<?xml version="1.0" encoding="UTF-8"?>
<record
    xmlns:xsi="http://www.w3.org/2001/XMLSchema-instance"
    xsi:schemaLocation="http://www.loc.gov/MARC21/slim http://www.loc.gov/standards/marcxml/schema/MARC21slim.xsd"
    xmlns="http://www.loc.gov/MARC21/slim">

  <leader>01464cam a2200349 a 4500</leader>
  <controlfield tag="001">13624408</controlfield>
  <controlfield tag="003">NUST-PNEC</controlfield>
  <controlfield tag="005">20170114142530.0</controlfield>
  <controlfield tag="008">040615s2005    njua     b    001 0 eng  </controlfield>
  <datafield tag="010" ind1=" " ind2=" ">
    <subfield code="a">  2004555118</subfield>
  </datafield>
  <datafield tag="020" ind1=" " ind2=" ">
    <subfield code="a">0471272140 (acidfree paper)</subfield>
  </datafield>
  <datafield tag="020" ind1=" " ind2=" ">
    <subfield code="a">0471452599 (WIE : acidfree paper)</subfield>
  </datafield>
  <datafield tag="040" ind1=" " ind2=" ">
    <subfield code="c">PNEC</subfield>
  </datafield>
  <datafield tag="050" ind1="0" ind2="0">
    <subfield code="a">QA273</subfield>
    <subfield code="b">.Y384 2005</subfield>
  </datafield>
  <datafield tag="082" ind1="0" ind2="4">
    <subfield code="a">519.2 YAT</subfield>
  </datafield>
  <datafield tag="100" ind1="1" ind2=" ">
    <subfield code="a">Yates, Roy D.</subfield>
  </datafield>
  <datafield tag="245" ind1="1" ind2="0">
    <subfield code="a">Probability and stochastic processes :</subfield>
    <subfield code="b">a friendly introduction for electrical and computer engineers /</subfield>
    <subfield code="c">Roy D. Yates, David J. Goodman.</subfield>
  </datafield>
  <datafield tag="250" ind1=" " ind2=" ">
    <subfield code="a">2nd ed.</subfield>
  </datafield>
  <datafield tag="260" ind1=" " ind2=" ">
    <subfield code="a">Hoboken, NJ :</subfield>
    <subfield code="b">John Wiley &amp; Sons,</subfield>
    <subfield code="c">c2005.</subfield>
  </datafield>
  <datafield tag="300" ind1=" " ind2=" ">
    <subfield code="a">xvii, 519 p. :</subfield>
    <subfield code="b">ill. ;</subfield>
    <subfield code="c">29 cm.</subfield>
  </datafield>
  <datafield tag="500" ind1=" " ind2=" ">
    <subfield code="a">Includes Index</subfield>
  </datafield>
  <datafield tag="504" ind1=" " ind2=" ">
    <subfield code="a">Includes bibliographical references (p. 511-512) and index.</subfield>
  </datafield>
  <datafield tag="650" ind1=" " ind2="0">
    <subfield code="a">Probabilities.</subfield>
    <subfield code="x">MIS</subfield>
  </datafield>
  <datafield tag="650" ind1=" " ind2="0">
    <subfield code="a">Stochastic processes.</subfield>
    <subfield code="x">ME, MS CONT</subfield>
  </datafield>
  <datafield tag="700" ind1="1" ind2=" ">
    <subfield code="a">Goodman, David J.,</subfield>
    <subfield code="d">1939-</subfield>
  </datafield>
  <datafield tag="856" ind1="4" ind2="2">
    <subfield code="3">Contributor biographical information</subfield>
    <subfield code="u">http://www.loc.gov/catdir/bios/wiley047/2004555118.html</subfield>
  </datafield>
  <datafield tag="856" ind1="4" ind2="1">
    <subfield code="3">Table of contents</subfield>
    <subfield code="u">http://www.loc.gov/catdir/toc/wiley041/2004555118.html</subfield>
  </datafield>
  <datafield tag="856" ind1="4" ind2="2">
    <subfield code="3">Publisher description</subfield>
    <subfield code="u">http://www.loc.gov/catdir/description/wiley041/2004555118.html</subfield>
  </datafield>
  <datafield tag="906" ind1=" " ind2=" ">
    <subfield code="a">7</subfield>
    <subfield code="b">cbc</subfield>
    <subfield code="c">origcop</subfield>
    <subfield code="d">2</subfield>
    <subfield code="e">ncip</subfield>
    <subfield code="f">20</subfield>
    <subfield code="g">y-gencatlg</subfield>
  </datafield>
  <datafield tag="942" ind1=" " ind2=" ">
    <subfield code="2">ddc</subfield>
    <subfield code="c">BK</subfield>
  </datafield>
  <datafield tag="999" ind1=" " ind2=" ">
    <subfield code="c">60092</subfield>
    <subfield code="d">60092</subfield>
  </datafield>
  <datafield tag="952" ind1=" " ind2=" ">
    <subfield code="0">0</subfield>
    <subfield code="1">0</subfield>
    <subfield code="2">ddc</subfield>
    <subfield code="4">0</subfield>
    <subfield code="7">0</subfield>
    <subfield code="a">PNEC</subfield>
    <subfield code="b">PNEC</subfield>
    <subfield code="d">2010-11-03</subfield>
    <subfield code="e">ZS Dictionary Shop</subfield>
    <subfield code="g">700.00</subfield>
    <subfield code="l">0</subfield>
    <subfield code="o">519.2 YAT</subfield>
    <subfield code="p">PNECBB-005621</subfield>
    <subfield code="r">2014-05-08</subfield>
    <subfield code="v">700.00</subfield>
    <subfield code="w">2010-11-03</subfield>
    <subfield code="y">BK</subfield>
  </datafield>
  <datafield tag="952" ind1=" " ind2=" ">
    <subfield code="0">0</subfield>
    <subfield code="1">0</subfield>
    <subfield code="2">ddc</subfield>
    <subfield code="4">0</subfield>
    <subfield code="7">0</subfield>
    <subfield code="a">PNEC</subfield>
    <subfield code="b">PNEC</subfield>
    <subfield code="d">2010-11-03</subfield>
    <subfield code="e">ZS Dictionary Shop</subfield>
    <subfield code="g">700.00</subfield>
    <subfield code="l">0</subfield>
    <subfield code="o">519.2 YAT</subfield>
    <subfield code="p">PNECBB-005622</subfield>
    <subfield code="r">2014-05-08</subfield>
    <subfield code="v">700.00</subfield>
    <subfield code="w">2010-11-03</subfield>
    <subfield code="y">BK</subfield>
  </datafield>
  <datafield tag="952" ind1=" " ind2=" ">
    <subfield code="0">0</subfield>
    <subfield code="1">0</subfield>
    <subfield code="2">ddc</subfield>
    <subfield code="4">0</subfield>
    <subfield code="7">0</subfield>
    <subfield code="a">PNEC</subfield>
    <subfield code="b">PNEC</subfield>
    <subfield code="d">2010-11-03</subfield>
    <subfield code="e">ZS Dictionary Shop</subfield>
    <subfield code="g">700.00</subfield>
    <subfield code="l">0</subfield>
    <subfield code="o">519.2 YAT</subfield>
    <subfield code="p">PNECBB-005623</subfield>
    <subfield code="r">2014-05-08</subfield>
    <subfield code="v">700.00</subfield>
    <subfield code="w">2010-11-03</subfield>
    <subfield code="y">BK</subfield>
  </datafield>
  <datafield tag="952" ind1=" " ind2=" ">
    <subfield code="0">0</subfield>
    <subfield code="1">0</subfield>
    <subfield code="2">ddc</subfield>
    <subfield code="4">0</subfield>
    <subfield code="7">0</subfield>
    <subfield code="a">PNEC</subfield>
    <subfield code="b">PNEC</subfield>
    <subfield code="d">2010-11-03</subfield>
    <subfield code="e">ZS Dictionary Shop</subfield>
    <subfield code="g">700.00</subfield>
    <subfield code="l">0</subfield>
    <subfield code="o">519.2 YAT</subfield>
    <subfield code="p">PNECBB-005624</subfield>
    <subfield code="r">2016-01-07</subfield>
    <subfield code="v">700.00</subfield>
    <subfield code="w">2010-11-03</subfield>
    <subfield code="y">BK</subfield>
  </datafield>
  <datafield tag="952" ind1=" " ind2=" ">
    <subfield code="0">0</subfield>
    <subfield code="1">0</subfield>
    <subfield code="2">ddc</subfield>
    <subfield code="4">0</subfield>
    <subfield code="7">0</subfield>
    <subfield code="a">PNEC</subfield>
    <subfield code="b">PNEC</subfield>
    <subfield code="d">2010-11-03</subfield>
    <subfield code="e">ZS Dictionary Shop</subfield>
    <subfield code="g">700.00</subfield>
    <subfield code="l">0</subfield>
    <subfield code="o">519.2 YAT</subfield>
    <subfield code="p">PNECBB-005625</subfield>
    <subfield code="r">2015-02-16</subfield>
    <subfield code="v">700.00</subfield>
    <subfield code="w">2010-11-03</subfield>
    <subfield code="y">BK</subfield>
  </datafield>
  <datafield tag="952" ind1=" " ind2=" ">
    <subfield code="0">0</subfield>
    <subfield code="1">0</subfield>
    <subfield code="2">ddc</subfield>
    <subfield code="4">0</subfield>
    <subfield code="7">0</subfield>
    <subfield code="a">PNEC</subfield>
    <subfield code="b">PNEC</subfield>
    <subfield code="d">2010-11-03</subfield>
    <subfield code="e">ZS Dictionary Shop</subfield>
    <subfield code="g">700.00</subfield>
    <subfield code="l">0</subfield>
    <subfield code="o">519.2 YAT</subfield>
    <subfield code="p">PNECBB-005626</subfield>
    <subfield code="r">2014-05-08</subfield>
    <subfield code="v">700.00</subfield>
    <subfield code="w">2010-11-03</subfield>
    <subfield code="y">BK</subfield>
  </datafield>
  <datafield tag="952" ind1=" " ind2=" ">
    <subfield code="0">0</subfield>
    <subfield code="1">0</subfield>
    <subfield code="2">ddc</subfield>
    <subfield code="4">0</subfield>
    <subfield code="7">0</subfield>
    <subfield code="a">PNEC</subfield>
    <subfield code="b">PNEC</subfield>
    <subfield code="d">2010-11-03</subfield>
    <subfield code="e">ZS Dictionary Shop</subfield>
    <subfield code="g">700.00</subfield>
    <subfield code="l">1</subfield>
    <subfield code="o">519.2 YAT</subfield>
    <subfield code="p">PNECBB-005627</subfield>
    <subfield code="r">2016-11-25</subfield>
    <subfield code="s">2016-11-25</subfield>
    <subfield code="v">700.00</subfield>
    <subfield code="w">2010-11-03</subfield>
    <subfield code="y">BK</subfield>
  </datafield>
  <datafield tag="952" ind1=" " ind2=" ">
    <subfield code="0">0</subfield>
    <subfield code="1">0</subfield>
    <subfield code="2">ddc</subfield>
    <subfield code="4">0</subfield>
    <subfield code="7">0</subfield>
    <subfield code="a">PNEC</subfield>
    <subfield code="b">PNEC</subfield>
    <subfield code="d">2010-11-03</subfield>
    <subfield code="e">ZS Dictionary Shop</subfield>
    <subfield code="g">700.00</subfield>
    <subfield code="l">0</subfield>
    <subfield code="o">519.2 YAT</subfield>
    <subfield code="p">PNECBB-005628</subfield>
    <subfield code="r">2014-05-08</subfield>
    <subfield code="v">700.00</subfield>
    <subfield code="w">2010-11-03</subfield>
    <subfield code="y">BK</subfield>
  </datafield>
  <datafield tag="952" ind1=" " ind2=" ">
    <subfield code="0">0</subfield>
    <subfield code="1">0</subfield>
    <subfield code="2">ddc</subfield>
    <subfield code="4">0</subfield>
    <subfield code="7">0</subfield>
    <subfield code="a">PNEC</subfield>
    <subfield code="b">PNEC</subfield>
    <subfield code="d">2010-11-03</subfield>
    <subfield code="e">ZS Dictionary Shop</subfield>
    <subfield code="g">700.00</subfield>
    <subfield code="l">0</subfield>
    <subfield code="o">519.2 YAT</subfield>
    <subfield code="p">PNECBB-005629</subfield>
    <subfield code="r">2014-05-08</subfield>
    <subfield code="v">700.00</subfield>
    <subfield code="w">2010-11-03</subfield>
    <subfield code="y">BK</subfield>
  </datafield>
  <datafield tag="952" ind1=" " ind2=" ">
    <subfield code="0">0</subfield>
    <subfield code="1">0</subfield>
    <subfield code="2">ddc</subfield>
    <subfield code="4">0</subfield>
    <subfield code="7">0</subfield>
    <subfield code="a">PNEC</subfield>
    <subfield code="b">PNEC</subfield>
    <subfield code="d">2010-11-03</subfield>
    <subfield code="e">ZS Dictionary Shop</subfield>
    <subfield code="g">700.00</subfield>
    <subfield code="l">1</subfield>
    <subfield code="o">519.2 YAT</subfield>
    <subfield code="p">PNECBB-005630</subfield>
    <subfield code="r">2016-02-18</subfield>
    <subfield code="s">2016-02-18</subfield>
    <subfield code="v">700.00</subfield>
    <subfield code="w">2010-11-03</subfield>
    <subfield code="y">BK</subfield>
  </datafield>
  <datafield tag="952" ind1=" " ind2=" ">
    <subfield code="0">0</subfield>
    <subfield code="1">0</subfield>
    <subfield code="2">ddc</subfield>
    <subfield code="4">0</subfield>
    <subfield code="7">0</subfield>
    <subfield code="a">PNEC</subfield>
    <subfield code="b">PNEC</subfield>
    <subfield code="d">2010-11-03</subfield>
    <subfield code="e">ZS Dictionary Shop</subfield>
    <subfield code="g">700.00</subfield>
    <subfield code="l">1</subfield>
    <subfield code="o">519.2 YAT</subfield>
    <subfield code="p">PNECBB-005631</subfield>
    <subfield code="r">2014-12-23</subfield>
    <subfield code="s">2014-12-21</subfield>
    <subfield code="v">700.00</subfield>
    <subfield code="w">2010-11-03</subfield>
    <subfield code="y">BK</subfield>
  </datafield>
  <datafield tag="952" ind1=" " ind2=" ">
    <subfield code="0">0</subfield>
    <subfield code="1">0</subfield>
    <subfield code="2">ddc</subfield>
    <subfield code="4">0</subfield>
    <subfield code="7">0</subfield>
    <subfield code="a">PNEC</subfield>
    <subfield code="b">PNEC</subfield>
    <subfield code="d">2010-11-03</subfield>
    <subfield code="e">ZS Dictionary Shop</subfield>
    <subfield code="g">700.00</subfield>
    <subfield code="l">1</subfield>
    <subfield code="o">519.2 YAT</subfield>
    <subfield code="p">PNECBB-005632</subfield>
    <subfield code="r">2014-10-09</subfield>
    <subfield code="s">2014-10-09</subfield>
    <subfield code="v">700.00</subfield>
    <subfield code="w">2010-11-03</subfield>
    <subfield code="y">BK</subfield>
  </datafield>
  <datafield tag="952" ind1=" " ind2=" ">
    <subfield code="0">0</subfield>
    <subfield code="1">0</subfield>
    <subfield code="2">ddc</subfield>
    <subfield code="4">0</subfield>
    <subfield code="7">0</subfield>
    <subfield code="a">PNEC</subfield>
    <subfield code="b">PNEC</subfield>
    <subfield code="d">2010-11-03</subfield>
    <subfield code="e">ZS Dictionary Shop</subfield>
    <subfield code="g">700.00</subfield>
    <subfield code="l">1</subfield>
    <subfield code="o">519.2 YAT</subfield>
    <subfield code="p">PNECBB-005633</subfield>
    <subfield code="r">2014-10-09</subfield>
    <subfield code="s">2014-10-09</subfield>
    <subfield code="v">700.00</subfield>
    <subfield code="w">2010-11-03</subfield>
    <subfield code="y">BK</subfield>
  </datafield>
  <datafield tag="952" ind1=" " ind2=" ">
    <subfield code="0">0</subfield>
    <subfield code="1">0</subfield>
    <subfield code="2">ddc</subfield>
    <subfield code="4">0</subfield>
    <subfield code="7">0</subfield>
    <subfield code="a">PNEC</subfield>
    <subfield code="b">PNEC</subfield>
    <subfield code="d">2010-11-03</subfield>
    <subfield code="e">ZS Dictionary Shop</subfield>
    <subfield code="g">700.00</subfield>
    <subfield code="l">0</subfield>
    <subfield code="o">519.2 YAT</subfield>
    <subfield code="p">PNECBB-005634</subfield>
    <subfield code="r">2016-01-07</subfield>
    <subfield code="v">700.00</subfield>
    <subfield code="w">2010-11-03</subfield>
    <subfield code="y">BK</subfield>
  </datafield>
  <datafield tag="952" ind1=" " ind2=" ">
    <subfield code="0">0</subfield>
    <subfield code="1">0</subfield>
    <subfield code="2">ddc</subfield>
    <subfield code="4">0</subfield>
    <subfield code="7">0</subfield>
    <subfield code="a">PNEC</subfield>
    <subfield code="b">PNEC</subfield>
    <subfield code="d">2010-11-03</subfield>
    <subfield code="e">ZS Dictionary Shop</subfield>
    <subfield code="g">700.00</subfield>
    <subfield code="l">0</subfield>
    <subfield code="o">519.2 YAT</subfield>
    <subfield code="p">PNECBB-005635</subfield>
    <subfield code="r">2014-05-08</subfield>
    <subfield code="v">700.00</subfield>
    <subfield code="w">2010-11-03</subfield>
    <subfield code="y">BK</subfield>
  </datafield>
  <datafield tag="952" ind1=" " ind2=" ">
    <subfield code="0">0</subfield>
    <subfield code="1">0</subfield>
    <subfield code="2">ddc</subfield>
    <subfield code="4">0</subfield>
    <subfield code="7">0</subfield>
    <subfield code="a">PNEC</subfield>
    <subfield code="b">PNEC</subfield>
    <subfield code="d">2010-11-03</subfield>
    <subfield code="e">ZS Dictionary Shop</subfield>
    <subfield code="g">700.00</subfield>
    <subfield code="l">1</subfield>
    <subfield code="o">519.2 YAT</subfield>
    <subfield code="p">PNECBB-005636</subfield>
    <subfield code="r">2014-10-09</subfield>
    <subfield code="s">2014-10-09</subfield>
    <subfield code="v">700.00</subfield>
    <subfield code="w">2010-11-03</subfield>
    <subfield code="y">BK</subfield>
  </datafield>
  <datafield tag="952" ind1=" " ind2=" ">
    <subfield code="0">0</subfield>
    <subfield code="1">0</subfield>
    <subfield code="2">ddc</subfield>
    <subfield code="4">0</subfield>
    <subfield code="7">0</subfield>
    <subfield code="a">PNEC</subfield>
    <subfield code="b">PNEC</subfield>
    <subfield code="d">2010-11-03</subfield>
    <subfield code="e">ZS Dictionary Shop</subfield>
    <subfield code="g">700.00</subfield>
    <subfield code="l">0</subfield>
    <subfield code="o">519.2 YAT</subfield>
    <subfield code="p">PNECBB-005637</subfield>
    <subfield code="r">2014-05-08</subfield>
    <subfield code="v">700.00</subfield>
    <subfield code="w">2010-11-03</subfield>
    <subfield code="y">BK</subfield>
  </datafield>
  <datafield tag="952" ind1=" " ind2=" ">
    <subfield code="0">0</subfield>
    <subfield code="1">0</subfield>
    <subfield code="2">ddc</subfield>
    <subfield code="4">0</subfield>
    <subfield code="7">0</subfield>
    <subfield code="a">PNEC</subfield>
    <subfield code="b">PNEC</subfield>
    <subfield code="d">2010-11-03</subfield>
    <subfield code="e">ZS Dictionary Shop</subfield>
    <subfield code="g">700.00</subfield>
    <subfield code="l">0</subfield>
    <subfield code="o">519.2 YAT</subfield>
    <subfield code="p">PNECBB-005638</subfield>
    <subfield code="r">2016-01-07</subfield>
    <subfield code="v">700.00</subfield>
    <subfield code="w">2010-11-03</subfield>
    <subfield code="y">BK</subfield>
  </datafield>
  <datafield tag="952" ind1=" " ind2=" ">
    <subfield code="0">0</subfield>
    <subfield code="1">0</subfield>
    <subfield code="2">ddc</subfield>
    <subfield code="4">0</subfield>
    <subfield code="7">0</subfield>
    <subfield code="a">PNEC</subfield>
    <subfield code="b">PNEC</subfield>
    <subfield code="d">2010-11-03</subfield>
    <subfield code="e">ZS Dictionary Shop</subfield>
    <subfield code="g">700.00</subfield>
    <subfield code="l">0</subfield>
    <subfield code="o">519.2 YAT</subfield>
    <subfield code="p">PNECBB-005639</subfield>
    <subfield code="r">2014-05-08</subfield>
    <subfield code="v">700.00</subfield>
    <subfield code="w">2010-11-03</subfield>
    <subfield code="y">BK</subfield>
  </datafield>
  <datafield tag="952" ind1=" " ind2=" ">
    <subfield code="0">0</subfield>
    <subfield code="1">0</subfield>
    <subfield code="2">ddc</subfield>
    <subfield code="4">0</subfield>
    <subfield code="7">0</subfield>
    <subfield code="a">PNEC</subfield>
    <subfield code="b">PNEC</subfield>
    <subfield code="d">2010-11-03</subfield>
    <subfield code="e">ZS Dictionary Shop</subfield>
    <subfield code="g">700.00</subfield>
    <subfield code="l">0</subfield>
    <subfield code="o">519.2 YAT</subfield>
    <subfield code="p">PNECBB-005640</subfield>
    <subfield code="r">2014-05-08</subfield>
    <subfield code="v">700.00</subfield>
    <subfield code="w">2010-11-03</subfield>
    <subfield code="y">BK</subfield>
  </datafield>
  <datafield tag="952" ind1=" " ind2=" ">
    <subfield code="0">0</subfield>
    <subfield code="1">0</subfield>
    <subfield code="2">ddc</subfield>
    <subfield code="4">0</subfield>
    <subfield code="7">0</subfield>
    <subfield code="a">PNEC</subfield>
    <subfield code="b">PNEC</subfield>
    <subfield code="d">2010-11-03</subfield>
    <subfield code="e">ZS Dictionary Shop</subfield>
    <subfield code="g">700.00</subfield>
    <subfield code="l">1</subfield>
    <subfield code="o">519.2 YAT</subfield>
    <subfield code="p">PNECBB-005641</subfield>
    <subfield code="r">2016-01-15</subfield>
    <subfield code="s">2016-01-15</subfield>
    <subfield code="v">700.00</subfield>
    <subfield code="w">2010-11-03</subfield>
    <subfield code="y">BK</subfield>
  </datafield>
  <datafield tag="952" ind1=" " ind2=" ">
    <subfield code="0">0</subfield>
    <subfield code="1">0</subfield>
    <subfield code="2">ddc</subfield>
    <subfield code="4">0</subfield>
    <subfield code="7">0</subfield>
    <subfield code="a">PNEC</subfield>
    <subfield code="b">PNEC</subfield>
    <subfield code="d">2010-11-03</subfield>
    <subfield code="e">ZS Dictionary Shop</subfield>
    <subfield code="g">700.00</subfield>
    <subfield code="l">0</subfield>
    <subfield code="o">519.2 YAT</subfield>
    <subfield code="p">PNECBB-005642</subfield>
    <subfield code="r">2014-05-08</subfield>
    <subfield code="v">700.00</subfield>
    <subfield code="w">2010-11-03</subfield>
    <subfield code="y">BK</subfield>
  </datafield>
  <datafield tag="952" ind1=" " ind2=" ">
    <subfield code="0">0</subfield>
    <subfield code="1">0</subfield>
    <subfield code="2">ddc</subfield>
    <subfield code="4">0</subfield>
    <subfield code="7">0</subfield>
    <subfield code="a">PNEC</subfield>
    <subfield code="b">PNEC</subfield>
    <subfield code="d">2010-11-03</subfield>
    <subfield code="e">ZS Dictionary Shop</subfield>
    <subfield code="g">700.00</subfield>
    <subfield code="l">0</subfield>
    <subfield code="o">519.2 YAT</subfield>
    <subfield code="p">PNECBB-005643</subfield>
    <subfield code="r">2014-05-08</subfield>
    <subfield code="v">700.00</subfield>
    <subfield code="w">2010-11-03</subfield>
    <subfield code="y">BK</subfield>
  </datafield>
  <datafield tag="952" ind1=" " ind2=" ">
    <subfield code="0">0</subfield>
    <subfield code="1">0</subfield>
    <subfield code="2">ddc</subfield>
    <subfield code="4">0</subfield>
    <subfield code="7">0</subfield>
    <subfield code="a">PNEC</subfield>
    <subfield code="b">PNEC</subfield>
    <subfield code="d">2010-11-03</subfield>
    <subfield code="e">ZS Dictionary Shop</subfield>
    <subfield code="g">700.00</subfield>
    <subfield code="l">0</subfield>
    <subfield code="o">519.2 YAT</subfield>
    <subfield code="p">PNECBB-005644</subfield>
    <subfield code="r">2014-05-08</subfield>
    <subfield code="v">700.00</subfield>
    <subfield code="w">2010-11-03</subfield>
    <subfield code="y">BK</subfield>
  </datafield>
  <datafield tag="952" ind1=" " ind2=" ">
    <subfield code="0">0</subfield>
    <subfield code="1">0</subfield>
    <subfield code="2">ddc</subfield>
    <subfield code="4">0</subfield>
    <subfield code="7">0</subfield>
    <subfield code="a">PNEC</subfield>
    <subfield code="b">PNEC</subfield>
    <subfield code="d">2010-11-03</subfield>
    <subfield code="e">ZS Dictionary Shop</subfield>
    <subfield code="g">700.00</subfield>
    <subfield code="l">0</subfield>
    <subfield code="o">519.2 YAT</subfield>
    <subfield code="p">PNECBB-005645</subfield>
    <subfield code="r">2014-05-08</subfield>
    <subfield code="v">700.00</subfield>
    <subfield code="w">2010-11-03</subfield>
    <subfield code="y">BK</subfield>
  </datafield>
  <datafield tag="952" ind1=" " ind2=" ">
    <subfield code="0">0</subfield>
    <subfield code="1">0</subfield>
    <subfield code="2">ddc</subfield>
    <subfield code="4">0</subfield>
    <subfield code="7">0</subfield>
    <subfield code="a">PNEC</subfield>
    <subfield code="b">PNEC</subfield>
    <subfield code="d">2010-11-03</subfield>
    <subfield code="e">ZS Dictionary Shop</subfield>
    <subfield code="g">700.00</subfield>
    <subfield code="l">0</subfield>
    <subfield code="o">519.2 YAT</subfield>
    <subfield code="p">PNECBB-005646</subfield>
    <subfield code="r">2014-05-08</subfield>
    <subfield code="v">700.00</subfield>
    <subfield code="w">2010-11-03</subfield>
    <subfield code="y">BK</subfield>
  </datafield>
  <datafield tag="952" ind1=" " ind2=" ">
    <subfield code="0">0</subfield>
    <subfield code="1">0</subfield>
    <subfield code="2">ddc</subfield>
    <subfield code="4">0</subfield>
    <subfield code="7">0</subfield>
    <subfield code="a">PNEC</subfield>
    <subfield code="b">PNEC</subfield>
    <subfield code="d">2010-11-03</subfield>
    <subfield code="e">ZS Dictionary Shop</subfield>
    <subfield code="g">700.00</subfield>
    <subfield code="l">0</subfield>
    <subfield code="o">519.2 YAT</subfield>
    <subfield code="p">PNECBB-005647</subfield>
    <subfield code="r">2014-05-08</subfield>
    <subfield code="v">700.00</subfield>
    <subfield code="w">2010-11-03</subfield>
    <subfield code="y">BK</subfield>
  </datafield>
  <datafield tag="952" ind1=" " ind2=" ">
    <subfield code="0">0</subfield>
    <subfield code="1">0</subfield>
    <subfield code="2">ddc</subfield>
    <subfield code="4">0</subfield>
    <subfield code="7">0</subfield>
    <subfield code="a">PNEC</subfield>
    <subfield code="b">PNEC</subfield>
    <subfield code="d">2010-11-03</subfield>
    <subfield code="e">ZS Dictionary Shop</subfield>
    <subfield code="g">700.00</subfield>
    <subfield code="l">0</subfield>
    <subfield code="o">519.2 YAT</subfield>
    <subfield code="p">PNECBB-005648</subfield>
    <subfield code="r">2014-05-08</subfield>
    <subfield code="v">700.00</subfield>
    <subfield code="w">2010-11-03</subfield>
    <subfield code="y">BK</subfield>
  </datafield>
  <datafield tag="952" ind1=" " ind2=" ">
    <subfield code="0">0</subfield>
    <subfield code="1">0</subfield>
    <subfield code="2">ddc</subfield>
    <subfield code="4">0</subfield>
    <subfield code="7">0</subfield>
    <subfield code="a">PNEC</subfield>
    <subfield code="b">PNEC</subfield>
    <subfield code="d">2010-11-03</subfield>
    <subfield code="e">ZS Dictionary Shop</subfield>
    <subfield code="g">700.00</subfield>
    <subfield code="l">0</subfield>
    <subfield code="o">519.2 YAT</subfield>
    <subfield code="p">PNECBB-005649</subfield>
    <subfield code="r">2016-01-07</subfield>
    <subfield code="v">700.00</subfield>
    <subfield code="w">2010-11-03</subfield>
    <subfield code="y">BK</subfield>
  </datafield>
  <datafield tag="952" ind1=" " ind2=" ">
    <subfield code="0">0</subfield>
    <subfield code="1">0</subfield>
    <subfield code="2">ddc</subfield>
    <subfield code="4">0</subfield>
    <subfield code="7">0</subfield>
    <subfield code="a">PNEC</subfield>
    <subfield code="b">PNEC</subfield>
    <subfield code="d">2010-11-03</subfield>
    <subfield code="e">ZS Dictionary Shop</subfield>
    <subfield code="g">700.00</subfield>
    <subfield code="l">1</subfield>
    <subfield code="o">519.2 YAT</subfield>
    <subfield code="p">PNECBB-005650</subfield>
    <subfield code="r">2016-10-21</subfield>
    <subfield code="s">2016-10-21</subfield>
    <subfield code="v">700.00</subfield>
    <subfield code="w">2010-11-03</subfield>
    <subfield code="y">BK</subfield>
  </datafield>
  <datafield tag="952" ind1=" " ind2=" ">
    <subfield code="0">0</subfield>
    <subfield code="1">0</subfield>
    <subfield code="2">ddc</subfield>
    <subfield code="4">0</subfield>
    <subfield code="7">0</subfield>
    <subfield code="a">PNEC</subfield>
    <subfield code="b">PNEC</subfield>
    <subfield code="d">2010-11-03</subfield>
    <subfield code="e">ZS Dictionary Shop</subfield>
    <subfield code="g">700.00</subfield>
    <subfield code="l">0</subfield>
    <subfield code="o">519.2 YAT</subfield>
    <subfield code="p">PNECBB-005651</subfield>
    <subfield code="r">2014-05-08</subfield>
    <subfield code="v">700.00</subfield>
    <subfield code="w">2010-11-03</subfield>
    <subfield code="y">BK</subfield>
  </datafield>
  <datafield tag="952" ind1=" " ind2=" ">
    <subfield code="0">0</subfield>
    <subfield code="1">0</subfield>
    <subfield code="2">ddc</subfield>
    <subfield code="4">0</subfield>
    <subfield code="7">0</subfield>
    <subfield code="a">PNEC</subfield>
    <subfield code="b">PNEC</subfield>
    <subfield code="d">2010-11-03</subfield>
    <subfield code="e">ZS Dictionary Shop</subfield>
    <subfield code="g">700.00</subfield>
    <subfield code="l">1</subfield>
    <subfield code="o">519.2 YAT</subfield>
    <subfield code="p">PNECBB-005652</subfield>
    <subfield code="r">2016-09-29</subfield>
    <subfield code="s">2016-09-29</subfield>
    <subfield code="v">700.00</subfield>
    <subfield code="w">2010-11-03</subfield>
    <subfield code="y">BK</subfield>
  </datafield>
  <datafield tag="952" ind1=" " ind2=" ">
    <subfield code="0">0</subfield>
    <subfield code="1">0</subfield>
    <subfield code="2">ddc</subfield>
    <subfield code="4">0</subfield>
    <subfield code="7">0</subfield>
    <subfield code="a">PNEC</subfield>
    <subfield code="b">PNEC</subfield>
    <subfield code="d">2010-11-03</subfield>
    <subfield code="e">ZS Dictionary Shop</subfield>
    <subfield code="g">700.00</subfield>
    <subfield code="l">0</subfield>
    <subfield code="o">519.2 YAT</subfield>
    <subfield code="p">PNECBB-005653</subfield>
    <subfield code="r">2014-05-08</subfield>
    <subfield code="v">700.00</subfield>
    <subfield code="w">2010-11-03</subfield>
    <subfield code="y">BK</subfield>
  </datafield>
  <datafield tag="952" ind1=" " ind2=" ">
    <subfield code="0">0</subfield>
    <subfield code="1">0</subfield>
    <subfield code="2">ddc</subfield>
    <subfield code="4">0</subfield>
    <subfield code="7">0</subfield>
    <subfield code="a">PNEC</subfield>
    <subfield code="b">PNEC</subfield>
    <subfield code="d">2010-11-03</subfield>
    <subfield code="e">ZS Dictionary Shop</subfield>
    <subfield code="g">700.00</subfield>
    <subfield code="l">0</subfield>
    <subfield code="o">519.2 YAT</subfield>
    <subfield code="p">PNECBB-005654</subfield>
    <subfield code="r">2014-05-08</subfield>
    <subfield code="v">700.00</subfield>
    <subfield code="w">2010-11-03</subfield>
    <subfield code="y">BK</subfield>
  </datafield>
  <datafield tag="952" ind1=" " ind2=" ">
    <subfield code="0">0</subfield>
    <subfield code="1">0</subfield>
    <subfield code="2">ddc</subfield>
    <subfield code="4">0</subfield>
    <subfield code="7">0</subfield>
    <subfield code="a">PNEC</subfield>
    <subfield code="b">PNEC</subfield>
    <subfield code="d">2010-11-03</subfield>
    <subfield code="e">ZS Dictionary Shop</subfield>
    <subfield code="g">700.00</subfield>
    <subfield code="l">1</subfield>
    <subfield code="o">519.2 YAT</subfield>
    <subfield code="p">PNECBB-005655</subfield>
    <subfield code="r">2015-01-30</subfield>
    <subfield code="s">2015-01-30</subfield>
    <subfield code="v">700.00</subfield>
    <subfield code="w">2010-11-03</subfield>
    <subfield code="y">BK</subfield>
  </datafield>
  <datafield tag="952" ind1=" " ind2=" ">
    <subfield code="0">0</subfield>
    <subfield code="1">0</subfield>
    <subfield code="2">ddc</subfield>
    <subfield code="4">0</subfield>
    <subfield code="7">0</subfield>
    <subfield code="a">PNEC</subfield>
    <subfield code="b">PNEC</subfield>
    <subfield code="d">2010-11-03</subfield>
    <subfield code="e">ZS Dictionary Shop</subfield>
    <subfield code="g">700.00</subfield>
    <subfield code="l">0</subfield>
    <subfield code="o">519.2 YAT</subfield>
    <subfield code="p">PNECBB-005656</subfield>
    <subfield code="r">2014-05-08</subfield>
    <subfield code="v">700.00</subfield>
    <subfield code="w">2010-11-03</subfield>
    <subfield code="y">BK</subfield>
  </datafield>
  <datafield tag="952" ind1=" " ind2=" ">
    <subfield code="0">0</subfield>
    <subfield code="1">0</subfield>
    <subfield code="2">ddc</subfield>
    <subfield code="4">0</subfield>
    <subfield code="7">0</subfield>
    <subfield code="a">PNEC</subfield>
    <subfield code="b">PNEC</subfield>
    <subfield code="d">2010-11-03</subfield>
    <subfield code="e">ZS Dictionary Shop</subfield>
    <subfield code="g">700.00</subfield>
    <subfield code="l">0</subfield>
    <subfield code="o">519.2 YAT</subfield>
    <subfield code="p">PNECBB-005657</subfield>
    <subfield code="r">2014-05-08</subfield>
    <subfield code="v">700.00</subfield>
    <subfield code="w">2010-11-03</subfield>
    <subfield code="y">BK</subfield>
  </datafield>
  <datafield tag="952" ind1=" " ind2=" ">
    <subfield code="0">0</subfield>
    <subfield code="1">0</subfield>
    <subfield code="2">ddc</subfield>
    <subfield code="4">0</subfield>
    <subfield code="7">0</subfield>
    <subfield code="a">PNEC</subfield>
    <subfield code="b">PNEC</subfield>
    <subfield code="d">2010-11-03</subfield>
    <subfield code="e">ZS Dictionary Shop</subfield>
    <subfield code="g">700.00</subfield>
    <subfield code="l">0</subfield>
    <subfield code="o">519.2 YAT</subfield>
    <subfield code="p">PNECBB-005658</subfield>
    <subfield code="r">2014-05-08</subfield>
    <subfield code="v">700.00</subfield>
    <subfield code="w">2010-11-03</subfield>
    <subfield code="y">BK</subfield>
  </datafield>
  <datafield tag="952" ind1=" " ind2=" ">
    <subfield code="0">0</subfield>
    <subfield code="1">0</subfield>
    <subfield code="2">ddc</subfield>
    <subfield code="4">0</subfield>
    <subfield code="7">0</subfield>
    <subfield code="a">PNEC</subfield>
    <subfield code="b">PNEC</subfield>
    <subfield code="d">2010-11-03</subfield>
    <subfield code="e">ZS Dictionary Shop</subfield>
    <subfield code="g">700.00</subfield>
    <subfield code="l">1</subfield>
    <subfield code="o">519.2 YAT</subfield>
    <subfield code="p">PNECBB-005659</subfield>
    <subfield code="r">2016-01-07</subfield>
    <subfield code="s">2015-01-30</subfield>
    <subfield code="v">700.00</subfield>
    <subfield code="w">2010-11-03</subfield>
    <subfield code="y">BK</subfield>
  </datafield>
  <datafield tag="952" ind1=" " ind2=" ">
    <subfield code="0">0</subfield>
    <subfield code="1">0</subfield>
    <subfield code="2">ddc</subfield>
    <subfield code="4">0</subfield>
    <subfield code="7">0</subfield>
    <subfield code="a">PNEC</subfield>
    <subfield code="b">PNEC</subfield>
    <subfield code="d">2010-11-03</subfield>
    <subfield code="e">ZS Dictionary Shop</subfield>
    <subfield code="g">700.00</subfield>
    <subfield code="l">0</subfield>
    <subfield code="o">519.2 YAT</subfield>
    <subfield code="p">PNECBB-005660</subfield>
    <subfield code="r">2016-01-07</subfield>
    <subfield code="v">700.00</subfield>
    <subfield code="w">2010-11-03</subfield>
    <subfield code="y">BK</subfield>
  </datafield>
  <datafield tag="952" ind1=" " ind2=" ">
    <subfield code="0">0</subfield>
    <subfield code="1">0</subfield>
    <subfield code="2">ddc</subfield>
    <subfield code="4">0</subfield>
    <subfield code="7">0</subfield>
    <subfield code="a">PNEC</subfield>
    <subfield code="b">PNEC</subfield>
    <subfield code="c">REF</subfield>
    <subfield code="d">2010-12-13</subfield>
    <subfield code="e">Progressive International Agency</subfield>
    <subfield code="g">4570.65</subfield>
    <subfield code="l">1</subfield>
    <subfield code="o">519.2 YAT</subfield>
    <subfield code="p">PNECLIB-029983</subfield>
    <subfield code="r">2015-10-09</subfield>
    <subfield code="s">2015-10-08</subfield>
    <subfield code="v">4570.65</subfield>
    <subfield code="w">2010-12-13</subfield>
    <subfield code="y">BK</subfield>
  </datafield>
</record>
